| 000 | 01020cam a2200133 4500500 | ||
|---|---|---|---|
| 005 | 20251130003006.0 | ||
| 041 | _afre | ||
| 042 | _adc | ||
| 100 | 1 | 0 |
_aMaisonneuve, Jean _eauthor |
| 245 | 0 | 0 | _aPsychosociologie et formation |
| 260 |
_bL'Harmattan,
_c2005. |
||
| 520 | _aCet ouvrage traite de la formation relationnelle et des processus de groupe. Il fournit un éclairage quant aux apports de la psychosociologie à la formation des adultes. La première partie expose les processus de la formation et de l’intervention psychosociologiques. La partie suivante est centrée sur l’expérience du groupe de base, aujourd’hui délaissée sinon méconnue, alors qu’elle reste irremplaçable pour les formateurs et intervenants responsables de groupes et d’interactions directes. La dernière partie traite de l’évolution des modèles dans la conception et la conduite des groupes. | ||
| 856 | 4 | 1 | _uhttps://shs.cairn.info/psychosociologie-et-formation--9782747578820?lang=fr&redirect-ssocas=7080 |
| 999 |
_c1565948 _d1565948 |
||